| 000 | 00613nam a22001697a 4500 | ||
|---|---|---|---|
| 005 | 20251108165421.0 | ||
| 008 | 250721s1926 xx 000 0 ara d | ||
| 082 | 1 | 4 | _aم/930/برس |
| 100 | 1 | _aبرستد، جيمس هنري | |
| 245 | 1 | 0 |
_aالعصور القديمة : _bتمهيد لدرس التاريخ القديم و أعمال الإنسان الأول / |
| 264 | 1 |
_aبيروت : _bالمطبعة الأميركانية، _c1926. |
|
| 300 | _a487ص : مص ، خرائط | ||
| 650 | 1 | 7 | _aالتاريخ القديم |
| 700 | 1 |
_aقربان، داود _eترجمة |
|
| 942 |
_2ddc _cBK |
||
| 999 |
_c27397 _d27397 |
||